000 006360000a22001810004500
090 _aAR
_b02278
245 1 0 _aDe plantis toxicariis e mundo novo tropicale commentationes XXIII: notes on biodynamic plants of aboriginal use in the northwestern Amazonia
650 1 4 _aEtnobotánica
_992498
650 1 4 _aConocimiento tradicional
_992244
650 1 4 _aToxicología
_992700
650 1 4 _aTaxonomía vegetal
_992262
650 1 4 _aIndígenas
_993177
651 4 _pColombia
_992749
041 0 _aPortugués
100 1 _aEvans Schultes, Richard
_915229
942 _cARTICULO
773 1 _tBotanical Museum Leaflets
_31203
_h5
_q177-197
_d1978
_g26
999 _c11350
_d11350